| Tag |
First Indicator |
Second Indicator |
Subfields |
| LEADER |
00000ccm a2200000Ia 4500 |
| 001 |
in00002391321 |
| 005 |
20151109080110.0 |
| 008 |
930405q19201929nyurqc n eng d |
| 028 |
2 |
2 |
|a 8033a
|b Novello
|
| 035 |
|
|
|a (OCoLC)ocm27859725
|
| 035 |
|
|
|a (OCoLC)27859725
|
| 040 |
|
|
|a BBH
|c BBH
|d OCL
|d OCLCG
|d TXA
|d UtOrBLW
|
| 041 |
1 |
|
|a eng
|h lat
|g eng
|
| 045 |
0 |
|
|b d1791
|
| 049 |
|
|
|a TXAM
|
| 082 |
0 |
4 |
|a 783.211
|
| 090 |
|
|
|a M2013
|b .M9 K.626 1920
|
| 100 |
1 |
|
|a Mozart, Wolfgang Amadeus,
|d 1756-1791.
|
| 240 |
1 |
0 |
|a Requiem,
|n K. 626,
|r D minor (Süssmayr).
|s Vocal score.
|l English
|
| 245 |
1 |
4 |
|a The Requiem mass in vocal score /
|c composed by W.A. Mozart ; edited, and the pianoforte acc. arr. by Vincent Novello ; the English words adapted from the original Latin by R.G. Loraine.
|
| 264 |
|
1 |
|a New York :
|b The H.W. Gray Co., agents for Novello,
|c [between 1920 and 1929?]
|
| 300 |
|
|
|a 1 vocal score (84 pages) ;
|c 26 cm.
|
| 336 |
|
|
|a notated music
|b ntm
|2 rdacontent
|
| 337 |
|
|
|a unmediated
|b n
|2 rdamedia
|
| 338 |
|
|
|a volume
|b nc
|2 rdacarrier
|
| 500 |
|
|
|a Completion by Süssmayr.
|
| 500 |
|
|
|a For soloists (SATB), chorus (SATB) and orchestra; orchestral accompaniment arranged for piano.
|
| 650 |
|
0 |
|a Requiems
|v Vocal scores with piano.
|
| 700 |
1 |
|
|a Novello, Vincent,
|d 1781-1861.
|
| 700 |
1 |
|
|a Süssmayr, Franz Xaver,
|d 1766-1803.
|
| 700 |
1 |
|
|a Loraine, R. G.
|
| 948 |
|
|
|a cataloged
|b h
|c 2008/7/7
|d c
|e bhartsfi
|f 2:22:11 pm
|
| 994 |
|
|
|a C0
|b TXA
|
| 999 |
|
|
|a MARS
|
| 999 |
f |
f |
|s 7da5a6a5-6277-3cb5-a15e-ed62b1b99dc0
|i 11250b5e-dffd-311b-bb70-b2e543988ad0
|t 0
|
| 952 |
f |
f |
|p ric
|a Texas A&M University
|b Rellis Campus
|c Joint Library Facility
|d Remote Storage
|t 0
|e M2013 .M9 K.626 1920
|h Library of Congress classification
|i unmediated -- volume
|m A14837151075
|
| 998 |
f |
f |
|a M2013 .M9 K.626 1920
|t 0
|l Remote Storage
|